Field bindweed and its control (Record no. 12258)

MARC details
000 -LEADER
fixed length control field 00787cam a2200241 4500
001 - CONTROL NUMBER
control field agr67000316
003 - CONTROL NUMBER IDENTIFIER
control field DLC
005 - DATE AND TIME OF LATEST TRANSACTION
control field 20260227111027.0
008 - FIXED-LENGTH DATA ELEMENTS--GENERAL INFORMATION
fixed length control field 691210s1967 dcua 000 0 eng c
010 ## - LIBRARY OF CONGRESS CONTROL NUMBER
LC control number agr67000316
040 ## - CATALOGING SOURCE
Original cataloging agency U.S. Nat'l Agr. Libr.
Transcribing agency DLC
Modifying agency DLC
050 10 - LIBRARY OF CONGRESS CALL NUMBER
Classification number S21
Item number .A483 no. 496
070 0# - NATIONAL AGRICULTURAL LIBRARY CALL NUMBER
Classification number 1Ag84L no. 496 1967
100 1# - MAIN ENTRY--PERSONAL NAME
Personal name Phillips, William M.,
Dates associated with a name 1922-
245 10 - TITLE STATEMENT
Title Field bindweed and its control
Statement of responsibility, etc. [by W. M. Phillips.
250 ## - EDITION STATEMENT
Edition statement Rev.
260 ## - PUBLICATION, DISTRIBUTION, ETC.
Place of publication, distribution, etc. Washington,
Name of publisher, distributor, etc. U.S. Govt. Print. Off.,
Date of publication, distribution, etc. 1967]
300 ## - PHYSICAL DESCRIPTION
Extent 7 p.
Other physical details illus.
Dimensions 24 cm.
490 1# - SERIES STATEMENT
Series statement United States. Dept. of Agriculture. Leaflet ;
Volume/sequential designation no. 496
650 #0 - SUBJECT ADDED ENTRY--TOPICAL TERM
Topical term or geographic name entry element Field bindweed
General subdivision Control.
650 #3 - SUBJECT ADDED ENTRY--TOPICAL TERM
Topical term or geographic name entry element Convolvulus arvensis.
830 #0 - SERIES ADDED ENTRY--UNIFORM TITLE
Uniform title Leaflet (United States. Department of Agriculture) ;
Volume/sequential designation no. 496.

No items available.

Powered by Koha